000 00507nam a22001577a 4500
003 OSt
005 20140311162955.0
008 130322t xxu||||| |||| 00| 0 eng d
020 _a9780915793853
050 _aBF 831
_b.K55 1995
245 _aPsychology for kids :
_b40 fun tests that help you learn about yourself .
_cJonni Kincher ; edited by Julie Bach and Pamela Espeland
260 _aMinneapolis, MN :
_bFree Spirit Pub.,
_c1995.
300 _a139 p. :
_c28 cm.
942 _2lcc
_cBK-TR
999 _c39030
_d39030